00247nam a2200097Ia 4500082001500000100001600015245004300031250001200074260005300086300001000139 a5.133bSAL aSalaria,R.S aData structures and algorithms using C a5th Ed. bKhanna Books Publishing Co. Ltd.aN. Delhic2012 a516p.